00353pab a2200121 454500008004000000100002000040245008200060260000900142300001200151362001100163650002300174773003400197180718b1989 xxu||||| |||| 00| 0 eng d aJain, Anrudh K. aRevising the role and responsibility of the Family Welfare Programme in India c1989 a2729-37 a9 Dec. aPopulation - India aEconomic and Political Weekly